Roma y los romanos

Guardat en:
Dades bibliogràfiques
Autors principals: Amery, Heather (Autor), Vanags, Patricia (Autor)
Format: Llibre
Idioma:espanyol
Publicat: Madrid Plesa 1977
Col·lecció:A través del tiempo
Matèries:
Etiquetes: Afegir etiqueta
Sense etiquetes, Sigues el primer a etiquetar aquest registre!

MARC

LEADER 00000nam a2200000 a 4500
001 UCH7163
003 CL-VaPUC
008 091109e19770000SP |||||||||||||||||spa|d
020 |a 8473740173 
082 0 4 |a 909.1  |b AME  |2 21 
100 0 |a Amery, Heather  |e author  |9 543591 
700 0 |a Vanags, Patricia  |e author  |9 543592 
245 1 0 |a Roma y los romanos 
300 |a 32 p 
942 |c BK 
945 |d 20091109 00:00:00  |a ccalabra 
260 |a Madrid  |b Plesa  |c 1977 
650 0 |a Historia universal  |9 266877 
650 0 |a Costumbres y tradiciones   |9 268292 
650 0 |a Antropología   |9 233030 
650 0 |a Imperio Romano  |9 322785 
651 0 |a Roma   |9 255106 
583 |a last modification  |c 20091109 00:00:00  |k Rodrigo Vera 
490 0 |a A través del tiempo 
999 |c 337848  |d 337846